Normal view
MARC view
- MUNAWAR, HUSSAIN DR
Entry Personal Name
001 - CONTROL NUMBER
- control field: 78296
003 - CONTROL NUMBER IDENTIFIER
- control field: NUST
005 - DATE AND TIME OF LATEST TRANSACTION
- control field: 20210628210139.0
008 - FIXED-LENGTH DATA ELEMENTS
- fixed length control field: 210628|| aca||aabn | a|a d
040 ## - CATALOGING SOURCE
- Original cataloging agency: NUST
- Transcribing agency: NUST
100 ## - HEADING--PERSONAL NAME
- Personal name: MUNAWAR, HUSSAIN DR
670 ## - SOURCE DATA FOUND
- Source citation: Work cat.: (NUST): MUNAWAR, HUSSAIN DR, LAGRANGE EQUATIONS OF MOTION, 1990
